书目信息 |
| 题名: |
景观装置艺术
|
|
| 作者: | ;天津凤凰空间文化传媒公司 编 | |
| 分册: | Ⅱ 新奇实用的公共设施 | |
| 出版信息: | 南京 凤凰出版传媒股份有限公司 2015 |
|
| 页数: | 271页 | |
| 开本: | 28cm | |
| 丛书名: | ||
| 单 册: | ||
| 中图分类: | TU983-64 , TU986.2 | |
| 科图分类: | ||
| 主题词: | 景观设计--图集--世界--现代 , 园林--规划 , 公园--绿化规划 | |
| 电子资源: | ||
| ISBN: | 978-7-5345-9860-9 | |
| 000 | 01095nam0 2200265 450 | |
| 001 | 3160 | |
| 005 | 20161208112226.68 | |
| 010 | @a978-7-5345-9860-9@b精装@dCNY278.00 | |
| 100 | @a20150209d2015 em y0chiy50 ea | |
| 101 | 0 | @achi@aeng |
| 102 | @aCN@b320000 | |
| 105 | @aa z 000yy | |
| 200 | 1 | @a景观装置艺术@9jing guan zhuang zhi yi shu@hⅡ@i新奇实用的公共设施@f凤凰空间·华南编辑部编 |
| 210 | @a南京@c凤凰出版传媒股份有限公司@c江苏凤凰科学技术出版社@d2015 | |
| 215 | @a271页@c图@d28cm | |
| 304 | @a英文共同题名:Landscape installation art | |
| 330 | @a本书分“公共活动设施”、“公共应用设施”、“公共休憩设施”三大块,以全球性的视野纵观当代景观装置艺术,通过高精度的图片、详细的文字介绍,展示了世界上最新、最具创意的景观装置作品。 | |
| 606 | 0 | @a景观设计@j图集@y世界@z现代 |
| 606 | 0 | @a园林@x规划 |
| 606 | 0 | @a公园@x绿化规划 |
| 690 | @aTU983-64@v5 | |
| 690 | @aTU986.2@v4 | |
| 711 | 02 | @a天津凤凰空间文化传媒公司@9tian jin feng huang kong jian wen hua chuan mei gong si@b华南编辑部@4编 |
| 801 | 0 | @aCN@b大连网信软件有限公司图书馆·11@c20161208 |
| 905 | @aZUCC@dTU983-64@e904:2 | |
| 景观装置艺术.Ⅱ.新奇实用的公共设施/凤凰空间·华南编辑部编.-南京:凤凰出版传媒股份有限公司:江苏凤凰科学技术出版社,2015 |
| 271页:图;28cm |
| ISBN 978-7-5345-9860-9(精装):CNY278.00 |
| 本书分“公共活动设施”、“公共应用设施”、“公共休憩设施”三大块,以全球性的视野纵观当代景观装置艺术,通过高精度的图片、详细的文字介绍,展示了世界上最新、最具创意的景观装置作品。 |
| ● |
| 相关链接 |
|
|
|
|
正题名:景观装置艺术
索取号:TU983-64/904:2
 
预约/预借
| 序号 | 登录号 | 条形码 | 馆藏地/架位号 | 状态 | 备注 |
| 1 | 911978 | 209119782 | 第二样本阅览室/ [索取号:TU983-64/904:2] | 在馆 | |
| 2 | 911979 | 209119791 | 第三借阅区/ [索取号:TU983-64/904:2] | 在馆 | |
| 3 | 911980 | 209119808 | 第三借阅区/ [索取号:TU983-64/904:2] | 在馆 |